[Event "Baden-ch U1400"]
[Site "Walldorf"]
[Date "2017.07.29"]
[Round "6"]
[White "Gan, Lukas Wentao"]
[Black "Hermann, Luana"]
[Result "1/2-1/2"]
[WhiteElo "1099"]
[BlackElo "1212"]
[PlyCount "40"]
[EventDate "2017.07.26"]
[EventType "swiss"]
[EventRounds "7"]
[EventCountry "GER"]
[SourceTitle "EXT 2018"]
[Source "ChessBase"]
[SourceDate "2017.10.13"]
[SourceVersion "1"]
[SourceVersionDate "2017.10.13"]
[SourceQuality "1"]

1. e4 e5 2. Nf3 Nc6 3. Bb5 Nf6 4. Nc3 d6 5. d3 Bg4 6. Be3 Qd7 7. h3 Bh5 8. Qe2 Be7 9. 0-0-0 a6 10. Ba4 b5 11. Bb3 b4 12. Nd5 Nxd5 13. Bxd5 a5 14. g4 Bg6 15. Bd2 0-0 16. Qe1 Rfb8 17. Rg1 Ra7 18. Be3 Ra6 19. c3 bxc3 20. Qxc3 a4 1/2-1/2